[Event "GER theme 07-B20-P email"]
[Site "GER email"]
[Date "2008.11.17"]
[Round "?"]
[White "Gnirk, Hajo"]
[Black "Haas, Bernhard"]
[Result "1-0"]
[WhiteElo "2004"]
[BlackElo "1964"]
[PlyCount "93"]
[EventDate "2008.??.??"]
[EventType "tourn (corr)"]
[EventRounds "8"]
[EventCountry "GER"]
[SourceTitle "Corr 2011"]
[Source "ChessBase"]
[SourceDate "2010.08.31"]
[SourceVersion "1"]
[SourceVersionDate "2010.08.31"]
[SourceQuality "1"]

1. e4 c5 2. Na3 d5 3. exd5 Qxd5 4. Nf3 Qe4+ 5. Be2 Bd7 6. d3 Qf5 7. d4 Nc6 8. dxc5 Qxc5 9. Be3 Qb4+ 10. Bd2 Qc5 11. 0-0 0-0-0 12. Be3 Qa5 13. c3 Nh6 14. Nb5 Bg4 15. Qb3 Be6 16. Bc4 Bg4 17. Bd5 Rxd5 18. Qxd5 e6 19. Nxa7+ Qxa7 20. Qxc6+ bxc6 21. Bxa7 Kb7 22. Be3 Bxf3 23. gxf3 Nf5 24. Bf4 Be7 25. Rad1 Ra8 26. Rd7+ Kb6 27. a3 c5 28. Re1 Ra7 29. Rxa7 Kxa7 30. a4 Kb6 31. Rd1 f6 32. Be3 Ka5 33. b3 Bd6 34. Rxd6 Nxd6 35. Bxc5 Nf5 36. Kf1 h5 37. Ke2 g5 38. h3 Nh4 39. Be7 Ng6 40. Bd8+ Ka6 41. Bxf6 Nf4+ 42. Kf1 Nxh3 43. Be5 g4 44. f4 h4 45. Kg2 Kb6 46. b4 Kc6 47. f3 1-0

[Event "GER theme T33 A51-P email"]
[Site "GER email"]
[Date "2008.??.??"]
[Round "?"]
[White "Schwertel, Gottfried"]
[Black "Gnirk, Hajo"]
[Result "1-0"]
[WhiteElo "2086"]
[BlackElo "2004"]
[PlyCount "35"]
[EventDate "2008.??.??"]
[EventType "tourn (corr)"]
[EventRounds "8"]
[EventCountry "GER"]
[SourceTitle "Corr 2011"]
[Source "ChessBase"]
[SourceDate "2010.08.31"]
[SourceVersion "1"]
[SourceVersionDate "2010.08.31"]
[SourceQuality "1"]

1. d4 Nf6 2. c4 e5 3. d5 Bc5 4. Nc3 d6 5. e4 c6 6. Bg5 Nbd7 7. Nf3 h6 8. Bh4 g5 9. Bg3 Bb4 10. Qc2 Bxc3+ 11. bxc3 Nc5 12. Nd2 Qc7 13. f3 Bd7 14. Nb3 Nxb3 15. axb3 cxd5 16. cxd5 0-0 17. Bf2 a5 18. c4 1-0

[Event "GER KF-36 Class1 B4 email"]
[Site "GER email"]
[Date "2007.??.??"]
[Round "?"]
[White "Gnirk, Hajo"]
[Black "Nyffeler, Hanspeter"]
[Result "1/2-1/2"]
[WhiteElo "1923"]
[BlackElo "2027"]
[PlyCount "78"]
[EventDate "2007.??.??"]
[EventType "tourn (corr)"]
[EventRounds "6"]
[EventCountry "GER"]
[SourceTitle "Corr 2008"]
[Source "ChessBase"]
[SourceDate "2008.06.24"]
[SourceVersion "1"]
[SourceVersionDate "2008.06.24"]
[SourceQuality "1"]

1. e4 c5 2. Nc3 Nc6 3. g3 g6 4. Bg2 Bg7 5. d3 d6 6. f4 e6 7. Nf3 Nge7 8. Be3 0-0 9. 0-0 b6 10. Bf2 Bb7 11. d4 cxd4 12. Nxd4 Qd7 13. Qd2 Na5 14. b3 Rac8 15. Rad1 f5 16. Rfe1 Ba8 17. Qd3 Nec6 18. a3 Nxd4 19. Bxd4 Bxd4+ 20. Qxd4 Qc7 21. Nb5 Qxc2 22. Nxa7 Nxb3 23. Qxd6 Qc5+ 24. Qxc5 Rxc5 25. exf5 Bxg2 26. Kxg2 exf5 27. Rd6 Rc2+ 28. Kh3 Nc5 29. Rxb6 Ne4 30. Reb1 Rf7 31. Nc6 g5 32. R1b2 g4+ 33. Kh4 Rxb2 34. Rxb2 Rf6 35. Rb8+ Kg7 36. Rb7+ Kf8 37. Rb8+ Kg7 38. Rb7+ Kf8 39. Rb8+ Kg7 1/2-1/2

[Event "GER KF-36 Class1 B4 email"]
[Site "GER email"]
[Date "2007.??.??"]
[Round "?"]
[White "Gnirk, Hajo"]
[Black "Swoboda, Sebastian"]
[Result "0-1"]
[WhiteElo "1923"]
[BlackElo "1864"]
[PlyCount "82"]
[EventDate "2007.??.??"]
[EventType "tourn (corr)"]
[EventRounds "6"]
[EventCountry "GER"]
[SourceTitle "Corr 2008"]
[Source "ChessBase"]
[SourceDate "2008.06.24"]
[SourceVersion "1"]
[SourceVersionDate "2008.06.24"]
[SourceQuality "1"]

1. e4 c5 2. c3 Nf6 3. e5 Nd5 4. d4 cxd4 5. Qxd4 e6 6. Nf3 d6 7. exd6 Nc6 8. Bb5 Qxd6 9. 0-0 a6 10. Bxc6+ Qxc6 11. c4 Nf6 12. Nc3 b6 13. Bg5 Be7 14. Ne5 Qc7 15. Na4 Rb8 16. Rad1 0-0 17. Qe3 b5 18. Bf4 Nh5 19. cxb5 Rxb5 20. Rc1 Qb7 21. Nc6 Nxf4 22. Nxe7+ Qxe7 23. Qxf4 Rb4 24. Rc4 e5 25. Qc1 Be6 26. Rc7 Qd8 27. b3 Rd4 28. Re1 Re8 29. Rc6 Bd5 30. Rc5 Bb7 31. Qc3 Qg5 32. g3 Qf5 33. Rc7 Bf3 34. Rc1 h6 35. Nb6 Kh7 36. Nc4 Red8 37. Ne3 Qh5 38. Nc2 Rd1+ 39. Ne1 Rxc1 40. Qxc1 Rd1 41. Qc2+ e4 0-1

[Event "GER-ch38 V02 email"]
[Site "GER email"]
[Date "2007.??.??"]
[Round "?"]
[White "Skorna, Ullrich"]
[Black "Gnirk, Hajo"]
[Result "1-0"]
[WhiteElo "2122"]
[BlackElo "2005"]
[PlyCount "91"]
[EventDate "2007.??.??"]
[EventType "tourn (corr)"]
[EventRounds "7"]
[EventCountry "GER"]
[SourceTitle "Corr 2008"]
[Source "ChessBase"]
[SourceDate "2008.06.24"]
[SourceVersion "1"]
[SourceVersionDate "2008.06.24"]
[SourceQuality "1"]

1. e4 g6 2. d4 Bg7 3. Nc3 d6 4. Be3 a6 5. a4 f5 6. Nf3 Nf6 7. e5 Ng4 8. Bf4 Nc6 9. exd6 cxd6 10. Bc4 e6 11. Bb3 h6 12. h3 Nf6 13. d5 Na5 14. dxe6 Nxb3 15. cxb3 Bxe6 16. 0-0 0-0 17. Bxd6 Re8 18. Re1 a5 19. Nb5 Rc8 20. Nd2 Bd7 21. Nc4 Ne4 22. Qd5+ Be6 23. Qxb7 Bxc4 24. bxc4 Nxd6 25. Qd5+ Nf7 26. Rxe8+ Qxe8 27. Nd6 Qd7 28. Nxc8 Qxc8 29. Re1 Bxb2 30. Re7 Qf8 31. Qe6 Kg7 32. c5 Ba3 33. Rc7 Bxc5 34. Qe5+ Kg8 35. Qxc5 Qg7 36. Qxa5 Qa1+ 37. Kh2 Qd4 38. Qa7 Qxa7 39. Rxa7 Ne5 40. Rc7 Nd3 41. a5 Nb4 42. Rc4 Na6 43. Rc6 Nb4 44. Rb6 Nd5 45. Rb7 Nb4 46. Rxb4 1-0

[Event "GER-ch34 V5 email"]
[Site "GER email"]
[Date "2002.03.23"]
[Round "?"]
[White "Koch, Hans Georg"]
[Black "Gnirk, Hajo"]
[Result "1-0"]
[WhiteElo "2233"]
[BlackElo "2031"]
[PlyCount "113"]
[EventDate "2002.03.23"]
[EventType "tourn (corr)"]
[EventRounds "10"]
[EventCountry "GER"]
[SourceTitle "Corr 2008"]
[Source "ChessBase"]
[SourceDate "2008.06.24"]
[SourceVersion "1"]
[SourceVersionDate "2008.06.24"]
[SourceQuality "1"]

1. e4 e5 2. Nf3 Nc6 3. Bb5 a6 4. Ba4 Nf6 5. 0-0 Be7 6. Re1 b5 7. Bb3 d6 8. c3 0-0 9. h3 Na5 10. Bc2 c5 11. d4 cxd4 12. cxd4 Bb7 13. Nbd2 Qc7 14. d5 Rac8 15. Bb1 Nd7 16. Nf1 Nc4 17. b3 Ncb6 18. Ne3 Qc3 19. Qe2 Qc7 20. Nf5 Rfe8 21. Nxe7+ Rxe7 22. Nh4 g6 23. Bd3 Qd8 24. Qg4 Nf6 25. Qg5 Re8 26. Nf5 Rc3 27. Bb1 Kh8 28. Nh6 Kg7 29. Bd2 Rc8 30. Ba5 Ba8 31. Nf5+ Kg8 32. Bxb6 Qxb6 33. Qxf6 gxf5 34. Qg5+ Kh8 35. Qxf5 Rg8 36. Qf6+ Rg7 37. Bd3 Qd8 38. Qxd8+ Rxd8 39. a4 f5 40. axb5 fxe4 41. Bxe4 axb5 42. Ra5 Rb7 43. Rea1 Rbb8 44. Ra7 Bb7 45. R1a5 b4 46. Rb5 Rd7 47. Rxb4 Kg7 48. g4 Kf6 49. h4 h6 50. Rb6 Ba6 51. Raxa6 Rxb6 52. Rxb6 Ke7 53. Rb8 Rd8 54. Rxd8 Kxd8 55. g5 hxg5 56. hxg5 Ke7 57. b4 1-0